01016nam a2200229 a 450000100060000000300080000600500170001400800410003103500190007204000260009104100080011708200220012510000490014724502140019626000730041030000540048350000710053750400930060865000200070165000110072170000540073238370BD-RjUL20211209052801.0151116s1982 bg ||||| b||| 001 0 ben d a(BD-RjUL)38475 aBD-RjULbengcBD-RjUL aeng 223a170bKAN 1982 aকান্ট, ইমানুয়েল aনৈতিকতার দার্শনিকতত্ত্বের মূলনীতি /cইমানুয়েল কান্ট অনুবাদ সাইয়েদ আবদুল হাই aঢাকা :bবাংলা একাডেমী,c১৯৮২ a১১, ২৩০ পৃ. ;c২১ সেমি. aপারিভাষিক শব্দ সংযুক্ত । aগ্রন্থপঞ্জী ও নির্ঘন্ট সংযুক্ত । aদর্শন aEthics aহাই, সাইয়েদ আবদুল